| 000 | 00678 a2200181 4500 | ||
|---|---|---|---|
| 003 | Nust | ||
| 005 | 20170207154319.0 | ||
| 040 | _cNust | ||
| 082 | _a005.1 | ||
| 100 | _aNC Rabia Sultan BESE-14 | ||
| 245 |
_aReal Time Telemedicine Health System (Hard / Soft-copy) _cNC Rabia Sultan, Muhammad Riaz Ahmad, Iftikhar Ahmad |
||
| 260 |
_aMCS _cJune 2012 |
||
| 300 | _a61 p | ||
| 505 | _aIntroduction (Page-1) Literature Review (Page-5) Software Requirements Specifications (Page-10) Software Design Specification (Page-17) Systems Implementation (Page-44) Testing ad result analysis (Page-51) | ||
| 538 | _aAlmirah No 71 Shelf No 6 | ||
| 650 | _aUG Project | ||
| 651 | _aUG CS Project | ||
| 942 | _cTHS | ||
| 999 |
_c196678 _d196678 |
||